Teoría del hombre
Tallennettuna:
| Päätekijä: | |
|---|---|
| Aineistotyyppi: | Kirja |
| Kieli: | Undetermined |
| Julkaistu: |
Buenos Aires, Argentina
Losada
1952
|
| Aiheet: | |
| Tagit: |
Lisää tagi
Ei tageja, Lisää ensimmäinen tagi!
|
MARC
| LEADER | 00000nam a2200000Ia 4500 | ||
|---|---|---|---|
| 008 | 170316s9999 xx 000 0 und d | ||
| 090 | |a 100 R-32t | ||
| 100 | |a Romero, Francisco | ||
| 245 | |a Teoría del hombre | ||
| 260 | |a Buenos Aires, Argentina | ||
| 260 | |b Losada | ||
| 260 | |c 1952 | ||
| 300 | |a 362 páginas | ||
| 650 | |a FILOSOFÍA | ||
| 999 | |c 17441 |d 17441 | ||
| 040 | |a cru BVZT | ||
| 942 | |c 15 D |h 100 R-32t |2 z | ||
